| 000 | 01060nam a2200265Ia 4500 | ||
|---|---|---|---|
| 003 | OSt | ||
| 005 | 20221005110439.0 | ||
| 006 | a|||||r|||| 00| 0 | ||
| 007 | ta | ||
| 008 | 221004b |||||||| |||| 00| 0 hin d | ||
| 020 |
_a9788170545620 (hbk) _c400 |
||
| 024 | _a12825 | ||
| 037 |
_bSP/3343, 19/03/2014, Star Publications Pvt. Ltd. _cTextual |
||
| 040 |
_aCRL _cCRL _bhin |
||
| 041 |
_2hin _ahin |
||
| 082 | _aO152,1N243,11:g, K2;Q2 | ||
| 100 | _aमहाजन, सुनन्दा | ||
| 245 | 0 |
_aसंशय की रात _b संवेदना और शिल्प |
|
| 246 | _aSanshaya kī rāta: sanvedanā aur shilpa | ||
| 260 |
_aनई दिल्ली _bक्लासिकल पब्लिशिंग कम्पनी भारत _c2012 |
||
| 300 |
_a144पृ0 _ccm. |
||
| 650 | _aहिन्दी साहित्य | ||
| 942 |
_hO152,1N243,11:g, K2;Q2 _cTEXL _2cc |
||
| 999 |
_c1018849 _d1018849 |
||